Sports Quiz

Random Sports Quiz

Chelsea Premier League Players Quiz Stats

 Plays Quiz not verified by Sporcle

Score 0/237 Timer 20:00
5 Plays Today
Player % Correct
Demba Ba
96%
Ashley Cole
93.3%
Joe Cole
93.1%
Carlton Cole
92.7%
John Terry
92.5%
Petr Čech
92.3%
Didier Drogba
91.4%
Frank Lampard
90.6%
Eden Hazard
90.2%
Gianfranco Zola
90.1%
Gary Cahill
89.4%
Ricardo Carvalho
89.1%
David Luiz
88.2%
Willian
88.2%
Thibaut Courtois
88.1%
Michael Ballack
87.8%
Fernando Torres
86.5%
César Azpilicueta
86.2%
Diego Costa
86.2%
Paulo Ferreira
85.8%
Nicolas Anelka
85.6%
Andriy Shevchenko
85.3%
Salomon Kalou
85.2%
Oscar
84.9%
Marcel Desailly
84.8%
Damien Duff
84.7%
Michael Essien
84.5%
Marcos Alonso
84.1%
Nemanja Matić
83.9%
Florent Malouda
83.3%
Cesc Fàbregas
83.2%
Jimmy Floyd Hasselbaink
83%
Dennis Wise
83%
N'Golo Kanté
82.1%
Carlo Cudicini
81.7%
Glen Johnson
81.6%
Branislav Ivanović
81.3%
Pedro
80.9%
Arjen Robben
80.8%
Juan Mata
80.7%
Hernán Crespo
80.4%
Victor Moses
80.4%
Eiður Guðjohnsen
80.1%
John Obi Mikel
80%
Roberto Di Matteo
79.8%
William Gallas
79.8%
Tore André Flo
79.7%
Claude Makélélé
79.7%
Gianluca Vialli
78.7%
Kepa Arrizabalaga
78.7%
Alex
77.9%
Frank Leboeuf
77.8%
Ramires
76.5%
Celestine Babayaro
76.2%
Jorginho
76.2%
Ed de Goey
76%
Mark Hughes
75.7%
Paul Hughes
75.7%
Graeme Le Saux
75.6%
Álvaro Morata
75.5%
Vinnie Jones
75.4%
Wayne Bridge
75.2%
Deco
74.7%
Scott Parker
74.7%
Paul Parker
74.7%
Daniel Sturridge
74.6%
Romelu Lukaku
74.1%
Adrian Mutu
73.6%
Jesper Grønkjær
72.8%
Kevin De Bruyne
72.6%
Gustavo Poyet
72.5%
José Bosingwa
72.4%
Albert Ferrer
72%
Scott Sinclair
71.8%
Shaun Wright-Phillips
71.8%
Frank Sinclair
71.7%
Olivier Giroud
70.8%
Hilário
70.6%
Mohamed Salah
69.9%
Player % Correct
Ross Barkley
69.7%
Juan Sebastián Verón
69.6%
Raúl Meireles
69.5%
Kurt Zouma
69.1%
Willy Caballero
69%
Mateja Kežman
69%
Geremi
68.9%
Ruud Gullit
68.8%
Jody Morris
68.6%
Mario Melchiot
68.5%
André Schürrle
68.5%
Mateo Kovačić
68.2%
Yuriy Zhirkov
68.2%
Antonio Rüdiger
67.8%
Davide Zappacosta
67.8%
Andreas Christensen
67.6%
Asier del Horno
67%
Yossi Benayoun
66.9%
Dan Petrescu
66.9%
Didier Deschamps
66.4%
Ruben Loftus-Cheek
65.9%
Danny Drinkwater
65.8%
Filipe Luís
65.7%
Jimmy Smith
65.6%
Tiago
64.6%
Callum Hudson-Odoi
64.5%
Gonzalo Higuaín
64.4%
Asmir Begović
64.1%
Steve Clarke
63.6%
Robert Huth
63.1%
Mario Stanić
62.9%
Boudewijn Zenden
62.8%
Juliano Belletti
61.3%
Samuel Eto'o
60.4%
Steven Sidwell
59.7%
Jérémie Boga
58.9%
Aleksey Smertin
58.8%
Ross Turnbull
58.5%
Emerson Palmieri
58.1%
Samuele Dalla Bona
58%
Emmanuel Petit
57.8%
Dmitriy Kharine
57.7%
Erland Johnsen
56.6%
Eddie Newton
56.5%
Mark Schwarzer
56.4%
Maniche
56%
Michael Duberry
55.7%
Nathan Aké
55.6%
Pierluigi Casiraghi
55.3%
Winston Bogarde
55.1%
Radamel Falcao
54.7%
Tiémoué Bakayoko
54.6%
Chris Sutton
54.2%
Michy Batshuayi
53.6%
Ryan Bertrand
53.2%
David Lee
53.1%
Alexandre Pato
53.1%
Ricardo Quaresma
53.1%
Lassana Diarra
52.7%
Kenedy
52.3%
Franco Di Santo
52%
John Spencer
51.8%
Marko Marin
51.3%
Claudio Pizarro
50.2%
Frode Grodås
49.6%
Mark Bosnich
49.3%
Loïc Rémy
49.2%
Tal Ben Haim
49.1%
Jiří Jarošík
48.9%
Juan Cuadrado
48.6%
Mikael Forssell
48.2%
Brian Laudrup
47.8%
Tomáš Kalas
47.7%
Marco van Ginkel
47.5%
Craig Burley
47.3%
Josh McEachran
47.3%
Tammy Abraham
47.1%
Gabriele Ambrosetti
46.8%
Gavin Peacock
46.8%
Player % Correct
Mark Stein
46.7%
Khalid Boulahrouz
46.3%
Andy Townsend
46.2%
Enrique de Lucas
46%
Slaviša Jokanović
45.7%
Baba Rahman
45.5%
Nathaniel Chalobah
44.6%
Glenn Hoddle
44.5%
Bjarne Goldbæk
44.3%
Marco Ambrosio
43.9%
George Weah
43.8%
Ben Sahar
42.4%
Christian Panucci
42.2%
Jes Høgh
41.8%
Patrick van Aanholt
41.8%
Bertrand Traoré
41.6%
Lucas Piazón
40.8%
Gareth Hall
40.7%
Kevin Hitchcock
40.7%
Jon Harley
40.3%
Bernard Lambourde
40.2%
Fabio Borini
39.9%
Ola Aina
39.6%
Dave Beasant
39.5%
Tony Cascarino
39.5%
Jeffrey Bruma
39%
Paul Furlong
38.3%
Andy Myers
37.6%
Laurent Charvet
37.1%
Scott Minto
36.8%
Lenny Pidgeley
36.4%
Emerson Thome
36.2%
Robert Fleck
35.7%
Mineiro
35.6%
Matt Miazga
35.3%
Jakob Kjeldbjerg
35.1%
Nuno Morais
34.8%
Nigel Spackman
34.6%
David Rocastle
34.4%
Ethan Ampadu
33.3%
Rati Aleksidze
32.7%
Mark Nicholls
32.5%
Ian Pearce
32.5%
Oriol Romeu
32.3%
Miroslav Stoch
31.6%
Paul Elliott
31.5%
Michael Mancienne
30.9%
Neil Shipperley
30.8%
Graham Stuart
30.6%
Danny Granville
29.8%
Sam Hutchinson
29.8%
Terry Phelan
28.3%
Anthony Grant
27.8%
Robert Wolleaston
27.6%
David Hopkin
27.5%
Charly Musonda
26.9%
Darren Barnard
26.9%
Gaël Kakuta
26.6%
Neil Sullivan
26.5%
Filipe Oliveira
26.3%
Andy Dow
26%
Anthony Barness
25.9%
Neil Clement
25.7%
Mal Donaghy
25.2%
Graham Rix
24.7%
Damian Matthew
24.3%
Joe Allon
24%
Nick Crittenden
24%
Jake Clarke-Salter
23.4%
Mick Harford
22.7%
Nick Colgan
22.6%
Joe Keenan
22.5%
Alexis Nicolas
20.8%
Craig Forrest
19%
Fikayo Tomori
12.9%
Steven Watt
12.5%
Joe Sheerin
12.2%
John Swift
11.9%
Steve Livingstone
11.4%

You're not logged in!

Compare scores with friends on all Sporcle quizzes.
OR
Log In

Show Comments

Extras

Top Quizzes Today


Score Distribution

Your Account Isn't Verified!

In order to create a playlist on Sporcle, you need to verify the email address you used during registration. Go to your Sporcle Settings to finish the process.

Report this User

Report this user for behavior that violates our Community Guidelines.

Details: